Elegía a Desquite (Registro nro. 57048)
[ vista simple ]
| 000 -CABECERA | |
|---|---|
| Longitud fija campo de control | 01206nam a2200337 i 4500 |
| 003 - IDENTIFICADOR DEL NUMERO DE CONTROL | |
| Identificador del número de control | CO-BoRNBP |
| 005 - FECHA Y HORA DE LA ULTIMA TRANSACCION | |
| Fecha y hora de la última transacción | 20250307152345.0 |
| 007 - CAMPO FIJO DE DESCRIPCION FISICA | |
| Campo fijo de descripción física | ta |
| 008 - CODIGOS DE INFORMACION DE LONGITUD FIJA | |
| Códigos de información de longitud fija | 231207s2023 ck a|||er|||| 00||p spa d |
| 020 ## - NUMERO INTERNACIONAL NORMALIZADO PARA LIBROS | |
| Número Internacional Normalizado para Libros (ISBN) | 9789585472945 |
| 040 ## - FUENTE DE LA CATALOGACION | |
| Centro catalogador de origen | CO-BoRNBP |
| Lengua de catalogación | spa |
| Normas de descripción | rda |
| Centro transcriptor | CO-BoRNBP |
| 041 0# - CODIGO DE LENGUA | |
| Código de lengua del texto/banda sonora o título independiente | spa |
| 043 ## - CODIGO DE AREA GEOGRAFICA | |
| Código de área geográfica | s-ck--- |
| 084 ## - Clasificación Local Alfanúmerica PNLB | |
| Número de clasificación | P ARA17 |
| 100 1# - PUNTO DE ACCESO PRINCIPAL-NOMBRE DE PERSONA | |
| Nombre de persona | Arango, Gonzalo |
| Fechas asociadas al nombre | 1931-1976 |
| Término indicativo de función | autor |
| 245 10 - TITULO PROPIAMENTE DICHO | |
| Título | Elegía a Desquite |
| Mención de responsabilidad, etc. | Gonzalo Arango ; ilustraciones de Alejandra Vélez |
| 250 ## - MENCION DE EDICION | |
| Mención de edición | Edición especial |
| 264 #1 - PRODUCCION, PUBLICACION , DISTRIBUCION, FABRICACION Y COPYRIGHT | |
| Lugar de producción, publicación, distribución, fabricación | Bogotá, Colombia |
| Nombre del productor, editor, distribuidor, fabricante | Icono Editorial |
| Fecha de de producción, publicación, distribución, fabricación o copyright | 2023 |
| 300 ## - DESCRIPCION FISICA | |
| Extensión | 28 páginas: |
| Otras características físicas | ilustraciones a color |
| Dimensiones | 24 cm |
| 336 ## - TIPO DE CONTENIDO | |
| Término de tipo de contenido | texto |
| Código de tipo de contenido | txt |
| Fuente | rdacontent |
| 337 ## - TIPO DE MEDIO | |
| Nombre del tipo de medio | sin mediación |
| Código del tipo de medio | n |
| Fuente | rdamedia |
| 338 ## - TIPO DE SOPORTE | |
| Nombre del tipo de soporte | volumen |
| Código del tipo de soporte | nc |
| Fuente | rdacarrier |
| 521 ## - NOTA DE PUBLICO DESTINATARIO | |
| Nota público destinatario (R ) | Recomendado para un público adulto |
| 650 17 - PUNTO DE ACCESO ADICIONAL DE MATERIA - TERMINO DE MATERIA | |
| Término de materia o nombre geográfico como elemento inicial | Poesía colombiana |
| Subdivisión cronológica | Siglo XXI |
| Fuente del encabezamiento | ARMARC |
| 650 17 - PUNTO DE ACCESO ADICIONAL DE MATERIA - TERMINO DE MATERIA | |
| Término de materia o nombre geográfico como elemento inicial | Literatura colombiana |
| Subdivisión cronológica | Siglo XXI |
| Fuente del encabezamiento | ARMARC |
| 650 17 - PUNTO DE ACCESO ADICIONAL DE MATERIA - TERMINO DE MATERIA | |
| Término de materia o nombre geográfico como elemento inicial | Violencia en la literatura |
| Fuente del encabezamiento | ARMARC |
| 650 17 - PUNTO DE ACCESO ADICIONAL DE MATERIA - TERMINO DE MATERIA | |
| Término de materia o nombre geográfico como elemento inicial | Nadaismo (movimiento literario) |
| Subdivisión geográfica | Colombia |
| Fuente del encabezamiento | ARMARC |
| 651 #4 - PUNTO DE ACCESO ADICIONAL DE MATERIA - NOMBRE GEOGRAFICO | |
| Nombre geográfico | Colombia |
| Subdivisión de materia general | Historia |
| Subdivisión de forma | Período de la violencia |
| Subdivisión cronológica | 1947-1957 |
| 700 1# - PUNTO DE ACCESO ADICIONAL - NOMBRE DE PERSONA | |
| Nombre de persona | Vélez, Alejandra |
| Término indicativo de función | ilustradora |
| 942 ## - ENTRADA DE ELEMENTOS AGREGADOS (KOHA) | |
| Fuente de clasificaión o esquema | |
| Koha [por defecto] tipo de item | Libro Literatura |
| Perdido | Fuente de clasificación o esquema | Estado Físico | No para préstamo | Forma de adquisición | Localización permanente | Localización actual | Localización en estanterías | Fecha adquisición | Préstamos totales | Signatura completa | Código de barras | Fecha última consulta | Número de copia | Fecha del precio de reemplazo | Tipo de item de Koha | Fuente de adquisición |
|---|---|---|---|---|---|---|---|---|---|---|---|---|---|---|---|---|
| Dewey Decimal Classification | Colección General | Biblioteca Pública José Eustasio Rivera - San Martin | Biblioteca Pública José Eustasio Rivera - San Martin | General | 09/30/2025 | P ARA17 | SM04255 | 09/30/2025 | Ej.1 | 09/30/2025 | Libro Literatura | |||||
| Dewey Decimal Classification | Colección General | Biblioteca Pública Puerto Lleras | Biblioteca Pública Puerto Lleras | Literatura | 08/15/2025 | P ARA17 | PLL00279 | 08/15/2025 | Ej.1 | 08/15/2025 | Libro Literatura | |||||
| Dewey Decimal Classification | Colección General | Biblioteca Pública San Carlos de Guaroa - Eduardo Carranza | Biblioteca Pública San Carlos de Guaroa - Eduardo Carranza | Literatura | 08/19/2025 | P ARA17 | SG03982 | 08/19/2025 | Ej.1 | 08/19/2025 | Libro Literatura | |||||
| Dewey Decimal Classification | Colección General | Biblioteca Pública El Castillo - Alfonso Meneses | Biblioteca Pública El Castillo - Alfonso Meneses | Literatura | 10/07/2025 | P ARA17 | EC03019 | 10/07/2025 | Ej.1 | 10/07/2025 | Libro Literatura | |||||
| Clasificación Local Facetada | Colección General | Biblioteca Pública Cabuyaro | Biblioteca Pública Cabuyaro | Literatura | 09/26/2025 | P ARA17 | CAB001285 | 09/26/2025 | Ej.1 | 09/26/2025 | Libro Literatura | |||||
| Dewey Decimal Classification | Colección General | Biblioteca Pública Castilla La Nueva -Ecobiblioteca | Biblioteca Pública Castilla La Nueva -Ecobiblioteca | Literatura | 09/25/2025 | P ARA17 | CLN00365 | 09/25/2025 | Ej.1 | 09/25/2025 | Libro Literatura | |||||
| Dewey Decimal Classification | Literatura General | Biblioteca Pública Granada - Boca del Monte | Biblioteca Pública Granada - Boca del Monte | Literatura | 02/17/2026 | P ARA17 | GRDA02001 | 02/17/2026 | Ej.1 | 02/17/2026 | Libro Literatura | BIBLIOTECA NACIONAL | ||||
| Dewey Decimal Classification | Colección General | Biblioteca Pública Guamal | Biblioteca Pública Guamal | Literatura | 02/04/2025 | P ARA17 | GUA004895 | 03/07/2025 | Ej.1 | 03/07/2025 | Libro Literatura | |||||
| Clasificación Local Facetada | Colección General | Biblioteca Pública San Juanito - Ernesto Maria Peña Romero | Biblioteca Pública San Juanito - Ernesto Maria Peña Romero | Literatura | 08/25/2025 | P ARA17 | SJU01728 | 08/25/2025 | Ej.1 | 08/25/2025 | Libro Literatura | |||||
| Dewey Decimal Classification | Colección General | Biblioteca Pública Uribe - Reinerio Arenas | Biblioteca Pública Uribe - Reinerio Arenas | Literatura | 10/22/2025 | P ARA17 | URI03223 | 10/22/2025 | Ej.1 | 10/22/2025 | Libro Literatura |